Národní soustava kvalifikací jako způsob, jak zefektivnit trh práce
Národná sústava kvalifikácie práce v ČR, je systém profesných kvalifikácií a skúšok, ktorá má za cieľ zefektívniť trh práce a napomôcť tak zladiť schopnosti uchádzačov o zamestnanie s tým, čo vyžadujú zamestnávatelia.
Uložené v:
| Hlavný autor: | |
|---|---|
| Médium: | Kapitola |
| Jazyk: | Czech |
| Predmet: | |
| Tagy: |
Žiadne tagy, Buďte prvý, kto otaguje tento záznam!
|
MARC
| LEADER | 00000naa a2200000 4500 | ||
|---|---|---|---|
| 001 | 0185151 | ||
| 005 | 20221020085209.7 | ||
| 041 | 0 | |a cze | |
| 044 | |a CZ | ||
| 245 | 1 | 0 | |a Národní soustava kvalifikací jako způsob, jak zefektivnit trh práce |c Jiří Strádal |
| 520 | |a Národná sústava kvalifikácie práce v ČR, je systém profesných kvalifikácií a skúšok, ktorá má za cieľ zefektívniť trh práce a napomôcť tak zladiť schopnosti uchádzačov o zamestnanie s tým, čo vyžadujú zamestnávatelia. | ||
| 610 | 2 | 0 | |a Česko |
| 610 | 2 | 0 | |a zamestnávatelia |
| 610 | 2 | 0 | |a zamestnanci |
| 610 | 2 | 0 | |a kvalifikácia |
| 610 | 2 | 0 | |a typológia |
| 610 | 2 | 0 | |a povolania |
| 610 | 2 | 0 | |a schopnosti pracovné |
| 610 | 2 | 0 | |a trh práce |
| 100 | 1 | |a Strádal, Jiří | |